000 00986nam a2200205Ia 4500
999 _c38048
_d38048
001 4034
003 GE_BSU
005 20190514153539.0
008 181216s2001|||| |||||||||||||| ||ge ||
040 _cGE_BSU
041 _ageo
080 _a621.396/321.395 ფ-69
245 _aფიჭურ პრინციპზე აგებული ტელეკომუნიკაციის სისტემები /
_cგ.გაბესკირია ; ნ. გოთუა ; ნ. თამაზაშვილის რედაქციით.
264 _aთბილისი .:
_bმერანი-3,
_c2001.
300 _a208 გვ.;
_bილ;
_c20 სმ.
653 _aფიჭურ პრინციპზე აგებული ტელეკომუნიკაციის სისტემები
700 _aგოთუა, ნ
_91117
700 _aთამაზაშვილი, ნ
_eრედაქციით
_91108
942 _cBK
_2udc